Podniková sociálna politika a jej aplikácia v podmienkach podniku Mikona, s. r. o. bakalárska práca

Enregistré dans:
Détails bibliographiques
Auteur principal: Kryštofová, Nadežda
Collectivité auteur: Národohospodárska fakulta EU. Katedra sociálneho rozvoja a práce
Autres auteurs: Pongráczová, Eva, 1971-
Format: Livre
Langue:slovaque
Publié: Bratislava 2009
Tags: Ajouter un tag
Pas de tags, Soyez le premier à ajouter un tag!

MARC

LEADER 00000nam$a2200000$$$4500
001 0100863
005 20240318140515.5
041 0 |a slo 
044 |a SK 
245 1 0 |a Podniková sociálna politika a jej aplikácia v podmienkach podniku Mikona, s. r. o.  |b bakalárska práca  |c Nadežda Kryštofová ; škol. Eva Pongráczová 
264 1 |a Bratislava  |c 2009 
300 |a 47 s. 
100 1 |a Kryštofová, Nadežda 
700 1 |a Pongráczová, Eva, 1971- 
710 2 |a Národohospodárska fakulta EU. Katedra sociálneho rozvoja a práce